Manpower training: Theory and policy (Record no. 220096)

MARC details
000 -LEADER
fixed length control field 00383nam a2200157Ia 4500
008 - FIXED-LENGTH DATA ELEMENTS--GENERAL INFORMATION
fixed length control field 230917s9999||||xx |||||||||||||| ||und||
020 ## - ISBN
Price PON1.95
040 ## - CATALOGING SOURCE
-- 23636
Original cataloging agency VIVEKANANDA LIBRARY
041 ## - Language
-- English
082 ## - DDC NUMBER
Classification number 331.2592 Z62M
100 ## - MAIN ENTRY--PERSONAL NAME
Personal name Ziderman, Adrian
245 #0 - TITLE STATEMENT
Title Manpower training: Theory and policy
260 ## - PUBLICATION, DISTRIBUTION, ETC. (IMPRINT)
Place of publication, distribution, etc London
Name of publisher, distributor, etc Macmillan
Date of publication, distribution, etc 1978
300 ## - PHYSICAL DESCRIPTION
Pages 90 p.
942 ## - ADDED ENTRY ELEMENTS (KOHA)
Koha item type Books
Holdings
Withdrawn status Lost status Damaged status Not for loan Location (home branch) Sublocation or collection (holding branch) Date acquired Koha issues (times borrowed) Koha full call number Accession No. Koha date last seen Koha item type
        VIVEKANANDA LIBRARY VIVEKANANDA LIBRARY 08/08/2002   331.2592 Z62M 85156 17/09/2023 Books
© Designed and Maintained by Vivekananda Library, MDU Rohtak